00633 2200217 4500001002100000005001700021008004100038020001800079035002500097082001100122090002000133100001800153245007600171250001100247260003800258300003500296440002500331650003000356850001200386990001700398YOGYA-0209000003789020150708092116.0 ind  a979-384-209-1 a0010-020900000037890 a745.51 aT 745.51bNur K aNURMA RVZ, Al aKreasi labuarte (larutan sabun dan tepung) untuk pemulac/ Al Nurma RVZ aCet. 1 aSurabayabTrubus Agrisaranac2005 avi, 33 hlm. :bilus. ;c24 cm. aInspirasi dan kreasi aKerajinan tangan Labuarte aYOPDYOG a9776-PD/B.05